000 00388nam a22001577a 4500
003 macl
005 20250503140344.0
008 250503b |||||||| |||| 00| 0 eng d
040 _cmacl
082 _a320
100 _aKumar Narendra & Surya Singh
_983182
245 _aIndian Polity
260 _aNew Delhi
_bArihant publication
_c2025
650 _aPolitical science
942 _2ddc
_cBK
999 _c67963
_d67963